00873nam a2200205 a 450000100100000000500170001000800410002702000150006804000250008310000380010824501450014626000720029130000110036349000450037450000420041950400320046183000520049395201050054599900170065000003756820200930080438.0120501s1988 sp 000 0 spa d a8400068750 aDO-SdBNPbspacBNPHU1 aFalcón Ramírez, Javier96402410aClases, estamentos y razas :bEspaña e Indias a través del pensamiento arbitrista del Marquéz de Varinas /cJavier Falcón Ramírez. aMadrid :bConsejo Superior de Investigaciones Científicos,c1988. a154 p.1 aMonografías de Historia Modernavno. 5 aIncluye notas al pie de las páginas aBibliografía : p. 147-154 0aMonografías de Historia Modernanno. 5964025 001050718MOaGRbGRcCTd2012-05-01iLF1l0o p37568-10r2020-06-25w2020-06-25y1ZNo se presta c37058d37058